000 00526nam a2200145Ia 4500
008 230917s9999||||xx |||||||||||||| ||und||
040 _e69927
_aMAIN
041 _aEnglish
082 _a891.2109 P192C
100 _aPanda, P.K.
245 0 _aConcept of dhvani in sanskrit poetics: Indian theory of suggestion and principles of literary criticism in the light of Anandavardhana's Dhvanyaloka and its commentator Madhusudan Misra's Avadhana commentary
260 _aDelhi
_bPenman
_c1988
300 _axiv, 152 p.
942 _cBK
999 _c62249
_d62249